| 000 | 00504cam a22002051 4500 | ||
|---|---|---|---|
| 001 | ne 66001058 | ||
| 003 | DLC | ||
| 005 | 20260227111824.0 | ||
| 008 | 890324s1965 xx b 000 0 ara | ||
| 010 | _ane 66001058 | ||
| 035 | _a(OCoLC)23486787 | ||
| 040 |
_aDLC _cMiU _dDLC |
||
| 042 | _apremarc | ||
| 050 | 0 | 0 |
_aZ7052 _b.A87 |
| 100 | 1 | _aʻAwwād, Kūrkīs. | |
| 245 | 1 | 3 | _aal-Mabāḥith al-lughawīyah. |
| 260 | _c1965. | ||
| 300 |
_a150 p. _c25 cm. |
||
| 650 | 0 |
_aArabic language _vBibliography. |
|
| 999 |
_c48945 _d48945 |
||